000 00596nam a2200241 a 4500
001 nice12345678
003 IN_TiNIC
005 20260116011526.0
008 050524s1895 lona grp 000 0 eng
020 _a
_c100
082 0 0 _a235.2
_bRAM
100 _aRamsay, W M
245 _aSt.Paul the Traveller and the Roman Citizen.
260 _aLondon
_bHodder & Stoughton
_c1895
300 _a396p
500 _aincludes index and biblioraphy
505 2 _aindices
650 _aSaints-Christianity-St.Paul
700 1 _aRamsay, W M
902 _bSRS
942 _cBK
999 _c2307
_d2307